[Event "24th ch-EUR Indiv 2024"]
[Site "Petrovac MNE"]
[Date "2024.11.12"]
[Round "5.123"]
[White "Noy, Eyal"]
[Black "Feuerstack, Aljoscha"]
[Result "0-1"]
[WhiteTitle "CM"]
[BlackTitle "IM"]
[WhiteElo "2226"]
[BlackElo "2471"]
[WhiteFideId "2821117"]
[BlackFideId "4681932"]
[EventDate "2024.11.08"]

1. d4 d5 2. c4 e6 3. Nf3 Nf6 4. g3 dxc4 5. Bg2 Bb4+ 6. Bd2 a5 7. Qc2 b6 8. Qxc4
Bb7 9. a3 Be7 10. Nc3 Nbd7 11. O-O O-O 12. Rfe1 c5 13. Rad1 cxd4 14. Nxd4 Rc8
15. Qa2 Bxg2 16. Kxg2 Qc7 17. Ndb5 Qb7+ 18. Kg1 Rfd8 19. Bf4 e5 20. Bg5 h6 21.
Bxf6 Nxf6 22. Qb3 Bc5 23. Rxd8+ Rxd8 24. Rd1 Rd7 25. e3 h5 26. Qc4 Rxd1+ 27.
Nxd1 Qf3 28. Ndc3 Ng4 29. Qe2 Qf5 30. Nc7 h4 31. h3 Nf6 32. g4 Qd7 33. N7b5 Qe6
34. Na4 Be7 35. Nbc3 Bd8 36. Qb5 e4 37. Ne2 Bc7 38. Nac3 Be5 39. Na4 Bc7 40. Kf1
Qd6 41. g5 Nd7 42. Nd4 Nf8 43. Nc3 Qh2 44. Qf5 Qh1+ 45. Ke2 Qc1 46. Qb5 Be5 47.
Nxe4 Bxd4 48. exd4 Ne6 49. Qxb6 Kh7 50. b4 Nf4+ 51. Kf3 Nd5 52. g6+ fxg6 53. Qe6
Qd1+ 54. Kg2 Nf4+ 0-1

[Event "24th ch-EUR Indiv 2024"]
[Site "Petrovac MNE"]
[Date "2024.11.12"]
[Round "5.124"]
[White "Kjartansson, Gudmundur"]
[Black "Biliskov, Vjekoslav"]
[Result "1-0"]
[WhiteTitle "GM"]
[BlackTitle "FM"]
[WhiteElo "2470"]
[BlackElo "2225"]
[WhiteFideId "2301318"]
[BlackFideId "14502720"]
[EventDate "2024.11.08"]

1. e4 c5 2. Nf3 a6 3. g3 b5 4. d4 cxd4 5. Bg2 Bb7 6. Nxd4 Nf6 7. O-O e6 8. Re1
d6 9. a4 b4 10. c3 e5 11. Nc2 bxc3 12. Nxc3 Be7 13. a5 O-O 14. b4 Nbd7 15. Qd3
Rc8 16. Bd2 Rc7 17. Ne3 g6 18. Ned5 Nxd5 19. Nxd5 Bxd5 20. Qxd5 Nf6 21. Qd3 Qa8
22. b5 axb5 23. Qxb5 Rb8 24. Qd3 Nd7 25. Reb1 Nc5 26. Qd5 Rxb1+ 27. Rxb1 Qxd5
28. exd5 f5 29. Bf1 Kf7 30. a6 Ra7 31. Be3 Bd8 32. Rb8 Bc7 33. Rh8 Kg7 34. Rc8
h6 35. Bb5 g5 36. Bxc5 dxc5 37. Bc6 Kf6 38. Bb7 Bd6 39. Rh8 c4 1-0

[Event "24th ch-EUR Indiv 2024"]
[Site "Petrovac MNE"]
[Date "2024.11.12"]
[Round "5.125"]
[White "Beydullayeva, Govhar"]
[Black "Bartel, Michal"]
[Result "1-0"]
[WhiteTitle "WGM"]
[BlackTitle "FM"]
[WhiteElo "2403"]
[BlackElo "2222"]
[WhiteFideId "13413015"]
[BlackFideId "1119257"]
[EventDate "2024.11.08"]

1. d4 Nf6 2. c4 e6 3. Nf3 h6 4. Nc3 d5 5. Bf4 b6 6. e3 Bb7 7. Bd3 Be7 8. O-O O-O
9. cxd5 exd5 10. Ne5 c5 11. Qf3 Nc6 12. Rac1 cxd4 13. Nxc6 Bxc6 14. Ne2 Bb7 15.
Nxd4 Bd6 16. Nf5 Bxf4 17. Qxf4 Ne4 18. Qe5 Qf6 19. Qxf6 Nxf6 20. Rc7 Bc8 21.
Ne7+ Kh8 22. Nxc8 Raxc8 23. Rxa7 Ra8 24. Rxa8 Rxa8 25. a3 Rc8 26. Rd1 g6 27. h3
Kg7 28. Kf1 Rc5 29. Ke2 Nd7 30. Bb1 Kf6 31. e4 1-0

[Event "24th ch-EUR Indiv 2024"]
[Site "Petrovac MNE"]
[Date "2024.11.12"]
[Round "5.126"]
[White "Stanojevic, Ilija"]
[Black "Barria Santos, Jose Guilherme"]
[Result "0-1"]
[WhiteTitle "FM"]
[BlackTitle "FM"]
[WhiteElo "2197"]
[BlackElo "2398"]
[WhiteFideId "959995"]
[BlackFideId "1939300"]
[EventDate "2024.11.08"]

1. d4 Nf6 2. c4 g6 3. Nc3 Bg7 4. e4 d6 5. Nf3 O-O 6. Be2 Bg4 7. Bg5 c5 8. d5 e6
9. O-O h6 10. Be3 exd5 11. cxd5 Bxf3 12. Bxf3 Re8 13. Qc2 Nbd7 14. Be2 a6 15. a4
Qe7 16. f3 Nh5 17. g3 f5 18. Bd3 g5 19. f4 gxf4 20. Bxf4 Nxf4 21. Rxf4 fxe4 22.
Bxe4 Rf8 23. Raf1 Rxf4 24. Rxf4 Rb8 25. Bf5 Nf8 26. Kg2 b5 27. axb5 axb5 28. Re4
Qg5 29. Rf4 b4 30. Ne4 Qe7 31. b3 Qe5 32. Qd3 Ra8 33. Rf2 Ra3 34. h4 Qe7 35. Qf3
c4 36. Qg4 cxb3 37. Kh3 Ra2 38. Rf1 b2 39. Be6+ Kh8 40. Nd2 Nxe6 41. dxe6 b1=Q
42. Nxb1 Qb7 43. Qc4 Qg2+ 44. Kg4 Qe2+ 45. Qxe2 Rxe2 46. Nd2 Rxe6 47. Rd1 d5 48.
Nb3 Re3 49. Nc5 d4 50. Nd3 b3 51. Kf4 Bf8 52. g4 Ba3 53. Rd2 Re8 54. Kf5 Rb8 55.
g5 b2 56. Nxb2 Bxb2 57. g6 Bc3 58. Rd1 Kg7 59. h5 Rb5+ 60. Kg4 Rg5+ 61. Kh4 Rd5
62. Rd3 Rg5 63. Rd1 Kf6 64. Rf1+ Ke6 65. Rd1 Kd5 66. Rf1 d3 67. Rf8 d2 0-1

[Event "24th ch-EUR Indiv 2024"]
[Site "Petrovac MNE"]
[Date "2024.11.12"]
[Round "5.127"]
[White "Decuigniere, Tom"]
[Black "Djurovic, Peko"]
[Result "1/2-1/2"]
[WhiteTitle "IM"]
[BlackTitle "FM"]
[WhiteElo "2385"]
[BlackElo "2198"]
[WhiteFideId "26093820"]
[BlackFideId "16503902"]
[EventDate "2024.11.08"]

1. d4 d5 2. c4 e6 3. Nf3 Nf6 4. Nc3 Be7 5. Bf4 O-O 6. e3 c5 7. dxc5 Bxc5 8. a3
Nc6 9. cxd5 exd5 10. Be2 d4 11. Na4 Bb6 12. Nxb6 Qxb6 13. Nxd4 Rd8 14. O-O Bf5
15. Bf3 Nxd4 16. exd4 Rxd4 17. Qc1 Rc8 18. Qe3 Nd5 19. Bxd5 Rxd5 20. Qxb6 1/2-1/2

[Event "24th ch-EUR Indiv 2024"]
[Site "Petrovac MNE"]
[Date "2024.11.12"]
[Round "5.128"]
[White "Abdulkarimli, Eljan"]
[Black "Goroshkov, Maksym"]
[Result "1/2-1/2"]
[BlackTitle "FM"]
[WhiteElo "2190"]
[BlackElo "2368"]
[WhiteFideId "13425439"]
[BlackFideId "14142716"]
[EventDate "2024.11.08"]

1. e4 c5 2. c3 Nf6 3. e5 Nd5 4. d4 cxd4 5. cxd4 d6 6. Nf3 Nc6 7. Bc4 Nb6 8. Bb3
dxe5 9. d5 Na5 10. Nc3 f6 11. Be3 e6 12. Nxe5 fxe5 13. Qh5+ g6 14. Qxe5 Nxb3 15.
axb3 Rg8 16. dxe6 Qd6 17. Qb5+ Qc6 18. Bxb6 Bg7 19. Qxc6+ bxc6 20. Rxa7 Rxa7 21.
Bxa7 Bxe6 22. b4 Bc4 23. f3 Kf7 24. Kf2 Bb3 25. Bc5 Rd8 26. Re1 Bd4+ 27. Kg3 Bf6
28. Ne4 Be5+ 29. Kf2 Kg8 30. Be7 Bd4+ 31. Kg3 Be5+ 32. Kh3 Rd1 33. Rxd1 Bxd1 34.
Bf6 Bc7 35. Bd4 h5 36. Kh4 Bf4 37. g3 g5+ 38. Nxg5 Bxg5+ 39. Kxg5 Bxf3 40. h3
Be2 41. g4 hxg4 42. hxg4 Kf7 1/2-1/2

[Event "24th ch-EUR Indiv 2024"]
[Site "Petrovac MNE"]
[Date "2024.11.12"]
[Round "5.129"]
[White "Todorov, Todor Spirov"]
[Black "Maltsevskaya, Aleksandra"]
[Result "0-1"]
[BlackTitle "IM"]
[WhiteElo "2185"]
[BlackElo "2364"]
[WhiteFideId "2900688"]
[BlackFideId "24174041"]
[EventDate "2024.11.08"]

1. e4 c5 2. Nf3 Nc6 3. d4 cxd4 4. Nxd4 Nf6 5. Nc3 e6 6. Nxc6 bxc6 7. Bd3 d5 8.
O-O Be7 9. exd5 exd5 10. Bf4 O-O 11. Re1 Bd6 12. Bxd6 Qxd6 13. h3 Rb8 14. Rb1
Rb4 15. a3 Rh4 16. Qf3 Rf4 17. Qe3 d4 18. Qd2 c5 19. Nb5 Qb8 20. Nxa7 Bb7 21.
Nb5 Ng4 22. hxg4 Rxg4 23. Bf1 Rh4 24. f4 Rxf4 25. Re7 Rh4 26. Nc7 Qd8 27. Qg5
Re4 28. Re5 Qxc7 29. Rxc5 Qd6 30. b4 d3 31. c3 h6 32. Qd2 Rh4 33. Kf2 Qh2 34.
Qe3 Rf4+ 35. Ke1 Re4 0-1

[Event "24th ch-EUR Indiv 2024"]
[Site "Petrovac MNE"]
[Date "2024.11.12"]
[Round "5.130"]
[White "Kochavi, Ori"]
[Black "Rudzinska, Michalina"]
[Result "1-0"]
[WhiteTitle "IM"]
[BlackTitle "WGM"]
[WhiteElo "2363"]
[BlackElo "2192"]
[WhiteFideId "2816873"]
[BlackFideId "1172883"]
[EventDate "2024.11.08"]

1. e4 c5 2. Nf3 e6 3. c3 d5 4. e5 d4 5. d3 Nc6 6. g3 Nge7 7. Bg2 dxc3 8. bxc3
Nd5 9. O-O Be7 10. h4 O-O 11. a3 Qc7 12. c4 Nb6 13. Bf4 Rd8 14. Qc2 Bd7 15. Nc3
Nd4 16. Nxd4 cxd4 17. Ne4 Nd5 18. Bg5 Bxg5 19. hxg5 Ne7 20. Rfe1 b5 21. c5 Bc6
22. Rac1 a5 23. Qd1 b4 24. Qh5 Bxe4 25. Bxe4 g6 26. Qh2 Rab8 27. axb4 axb4 28.
Kg2 b3 29. g4 b2 30. Rb1 Qxc5 31. Rh1 Kf8 32. Qf4 Nd5 33. Qf3 Qc2 34. Bxd5 Rxd5
35. Rxh7 Qc7 36. Qf6 Ke8 37. Qh8+ 1-0

[Event "24th ch-EUR Indiv 2024"]
[Site "Petrovac MNE"]
[Date "2024.11.12"]
[Round "5.131"]
[White "Derakhshani, Borna"]
[Black "Parligras, Cosmin"]
[Result "1/2-1/2"]
[WhiteTitle "FM"]
[WhiteElo "2355"]
[BlackElo "2182"]
[WhiteFideId "12518450"]
[BlackFideId "1206494"]
[EventDate "2024.11.08"]

1. e4 e5 2. Nf3 Nf6 3. d4 Nxe4 4. Bd3 d5 5. Nxe5 Nd7 6. Nxd7 Bxd7 7. O-O Bd6 8.
c4 O-O 9. Nc3 Nxc3 10. bxc3 dxc4 11. Bxc4 c6 12. Qh5 Qf6 13. Bd3 h6 14. Be3 Rfe8
15. a4 Bf8 16. a5 g6 17. Qd1 b5 18. axb6 axb6 19. Qb1 b5 20. c4 Rxa1 21. Qxa1
bxc4 22. Bxc4 Be6 23. Bxe6 Qxe6 24. Rc1 Qd7 25. Qa6 Re6 26. Qa8 h5 27. h3 Kg7
28. Rc3 Bb4 29. Rc4 Be7 30. Ra4 Bf6 31. Ra7 Qe8 32. Qxe8 Rxe8 33. Rc7 Rd8 34.
Rxc6 Bxd4 35. Bxd4+ Rxd4 36. Rc1 Rd2 37. Kf1 Ra2 38. Kg1 Rb2 39. Kf1 Ra2 40. Kg1 1/2-1/2

[Event "24th ch-EUR Indiv 2024"]
[Site "Petrovac MNE"]
[Date "2024.11.12"]
[Round "5.132"]
[White "Novosel, Lovro"]
[Black "Kanyamarala, Trisha"]
[Result "1/2-1/2"]
[WhiteTitle "FM"]
[BlackTitle "WIM"]
[WhiteElo "2353"]
[BlackElo "2171"]
[WhiteFideId "14547120"]
[BlackFideId "45004722"]
[EventDate "2024.11.08"]

1. Nf3 d5 2. c4 e6 3. g3 Nf6 4. Bg2 Be7 5. d4 O-O 6. O-O dxc4 7. Qc2 a6 8. Qxc4
b5 9. Qc2 Bb7 10. Bd2 Be4 11. Qc1 Nc6 12. Be3 Rc8 13. Rd1 Nb4 14. Nc3 Ba8 15. a4
c6 16. Ne5 Nbd5 17. Qd2 b4 18. Nxd5 cxd5 19. a5 Rb8 20. Nd3 Ne4 21. Qe1 Rb5 22.
Bf4 Rxa5 23. Nxb4 Rxa1 24. Rxa1 Qb6 25. Nd3 Qxd4 26. Rxa6 Nc5 27. Nxc5 Qxc5 28.
Qa1 Bc6 29. Be5 Qb5 30. Bd4 Rb8 31. Bf1 Be8 32. e3 Qb3 33. Qa5 Qb4 34. Qc7 Bd8
35. Qf4 Bf6 36. Bxf6 Qxf4 37. gxf4 gxf6 38. f5 Rxb2 39. fxe6 fxe6 40. Rxe6 Kf7
41. Rd6 Rd2 42. Bh3 Ke7 43. Re6+ Kf7 44. Rb6 d4 45. Bf5 dxe3 46. fxe3 h5 47.
Rb7+ Kf8 48. e4 Re2 49. Rc7 Rd2 50. h4 Re2 51. Kh1 Rd2 52. Rc4 Ke7 53. Bh3 Kd6
54. Bg2 Ke5 55. Kh2 Kf4 56. e5+ Kf5 57. exf6 Kxf6 1/2-1/2

[Event "24th ch-EUR Indiv 2024"]
[Site "Petrovac MNE"]
[Date "2024.11.12"]
[Round "5.133"]
[White "Sitbon, Itay"]
[Black "Szwed, Jacek"]
[Result "1/2-1/2"]
[BlackTitle "FM"]
[WhiteElo "2170"]
[BlackElo "2341"]
[WhiteFideId "2820706"]
[BlackFideId "1126431"]
[EventDate "2024.11.08"]

1. d4 d5 2. Nc3 Nf6 3. Bf4 e6 4. Nb5 Na6 5. e3 Be7 6. Nf3 O-O 7. h4 c6 8. Nc3
Qb6 9. Rb1 c5 10. Ne5 Nd7 11. h5 cxd4 12. exd4 Nxe5 13. Bxe5 f6 14. Bg3 Nb4 15.
a3 Nc6 16. Nb5 e5 17. dxe5 Nxe5 18. Be2 a6 19. Nd4 Nc6 20. c3 Nxd4 21. Qxd4 Bc5
22. Qd3 Be6 23. O-O a5 24. Bd1 Qa6 25. Qxa6 Rxa6 26. b4 axb4 27. cxb4 Bd6 28.
Be2 Rb6 29. Bxd6 Rxd6 30. a4 d4 31. Bd3 Rc8 32. a5 Rc3 33. Be4 Bd5 34. Bxd5+
Rxd5 35. Rfc1 Rxh5 36. Rxc3 dxc3 37. Rc1 Rb5 38. Rxc3 Rxb4 39. Ra3 h5 40. g3 g5
41. a6 bxa6 42. Rxa6 Kf7 43. Kg2 Kg6 44. Rc6 Rb3 45. Ra6 h4 46. Ra4 Kh5 47. Ra5
Kg6 48. Ra4 hxg3 49. fxg3 Rd3 50. Ra6 Kf5 51. Ra5+ Kg4 52. Ra4+ Kh5 53. Rb4 f5
54. g4+ fxg4 55. Rb6 g3 56. Rb4 Re3 57. Ra4 Rb3 58. Rc4 Kg6 59. Rc6+ Kh5 60. Rc4
Re3 61. Ra4 Kg6 62. Ra6+ Kf5 63. Ra5+ Kf4 64. Ra4+ Re4 65. Rxe4+ Kxe4 66. Kxg3
Kf5 67. Kf3 g4+ 68. Kg3 Kg5 69. Kg2 Kf4 70. Kf2 g3+ 71. Kg2 Kg4 72. Kg1 Kh4 73.
Kg2 Kg4 74. Kg1 Kf3 75. Kf1 g2+ 76. Kg1 Kg3 1/2-1/2

[Event "24th ch-EUR Indiv 2024"]
[Site "Petrovac MNE"]
[Date "2024.11.12"]
[Round "5.134"]
[White "Guleryuz, Kuzey"]
[Black "Fruebing, Stefan"]
[Result "1-0"]
[BlackTitle "IM"]
[WhiteElo "2158"]
[BlackElo "2336"]
[WhiteFideId "44500203"]
[BlackFideId "4682165"]
[EventDate "2024.11.08"]

1. e4 c5 2. c3 Nf6 3. e5 Nd5 4. d4 cxd4 5. cxd4 d6 6. Nf3 Nc6 7. Bc4 dxe5 8.
Bxd5 Qxd5 9. Nc3 Qd6 10. d5 Nd4 11. Nxd4 exd4 12. Qxd4 e5 13. Qe4 f5 14. Qe2 Kf7
15. O-O Bd7 16. f4 e4 17. Be3 Be7 18. Rfd1 Rhd8 19. a4 a6 20. Ra3 b5 21. axb5
axb5 22. Nxb5 Bxb5 23. Qxb5 Rxa3 24. bxa3 Qxa3 25. Bb6 Rb8 26. d6 Bf6 27. d7 Kg6
28. Qc6 Kh5 29. Qe6 Qa4 30. Qxf5+ Kh6 31. Qh3+ Kg6 32. Qg4+ Kf7 33. d8=Q Bxd8
34. Bxd8 Qa7+ 35. Kh1 1-0

[Event "24th ch-EUR Indiv 2024"]
[Site "Petrovac MNE"]
[Date "2024.11.12"]
[Round "5.135"]
[White "Gombocz, Ferenc Jr."]
[Black "Pipiras, Filipa Fortuna"]
[Result "1/2-1/2"]
[WhiteTitle "FM"]
[BlackTitle "FM"]
[WhiteElo "2333"]
[BlackElo "2166"]
[WhiteFideId "775029"]
[BlackFideId "1944894"]
[EventDate "2024.11.08"]

1. c4 e5 2. g3 Nf6 3. Bg2 d5 4. cxd5 Nxd5 5. Nf3 Nc6 6. O-O Nb6 7. b3 f6 8. Bb2
Be6 9. d4 e4 10. Ne1 f5 11. Nc2 Be7 12. f3 exf3 13. Bxf3 O-O 14. e4 fxe4 15.
Bxe4 Rxf1+ 16. Qxf1 Bf6 17. Qd3 h6 18. Nd2 Qd7 19. Nc4 Rd8 20. Rd1 Qc8 21. Nxb6
axb6 22. Bc3 Ne7 23. Ne3 Nd5 24. Nxd5 Bxd5 25. Bf5 Be6 26. Bxe6+ Qxe6 27. d5 Qd6
28. Bxf6 Qxf6 29. Qc4 Qd6 30. Rc1 Rd7 31. a4 Kh7 32. Qe4+ Qg6 33. Qc4 Qf5 34.
Rd1 Qg6 35. Re1 Qf5 36. Rd1 Qg6 37. Re1 1/2-1/2

[Event "24th ch-EUR Indiv 2024"]
[Site "Petrovac MNE"]
[Date "2024.11.12"]
[Round "5.136"]
[White "Arakelyan, Manvel"]
[Black "Yordanov, Lachezar"]
[Result "0-1"]
[WhiteTitle "CM"]
[BlackTitle "FM"]
[WhiteElo "2140"]
[BlackElo "2332"]
[WhiteFideId "13317415"]
[BlackFideId "2918927"]
[EventDate "2024.11.08"]

1. e4 c5 2. Nf3 d6 3. Bb5+ Nd7 4. a4 Nf6 5. Nc3 g6 6. O-O Bg7 7. a5 a6 8. Be2
O-O 9. d3 b5 10. axb6 Qxb6 11. Kh1 Rb8 12. Nd2 Bb7 13. Nc4 Qc7 14. Qe1 Nb6 15.
Nxb6 Qxb6 16. f4 c4 17. Bf3 cxd3 18. cxd3 Nd7 19. Qe2 Ba8 20. Na4 Qa7 21. Be3
Bd4 22. Bxd4 Qxd4 23. Nc3 Nc5 24. Rfd1 Rb4 25. Ra2 Rfb8 26. Qc2 Qe3 27. Qd2 Qxd2
28. Rxd2 Rd4 29. Kg1 Rxd3 30. Rxd3 Nxd3 31. Rxa6 Nxf4 32. b4 Nd3 33. b5 Nc5 34.
Ra7 Kf8 35. Kf2 Bb7 36. Ke3 e5 37. g3 h6 38. Be2 f5 39. exf5 d5 40. Nxd5 Bxd5
41. Rc7 Ne4 42. fxg6 Nf6 43. h4 h5 44. g7+ Kg8 45. Re7 Rb7 46. Rxe5 Kxg7 47.
Bxh5 Rxb5 48. Rg5+ Kf8 49. Be2 Rb3+ 50. Kd4 Bf7 51. Bc4 Rb4 52. Rc5 Ra4 53. Rc8+
Ne8 54. Kc3 Ra3+ 55. Kb4 Rxg3 56. Bxf7 Kxf7 57. Rc4 Nd6 58. Rf4+ Ke6 59. Rd4 Ke5
60. Rd1 Rg4+ 61. Kb3 Rxh4 62. Rg1 Rh8 63. Rg5+ Kd4 64. Rg7 Rb8+ 65. Kc2 Ne4 66.
Rd7+ Kc4 67. Rc7+ Nc5 68. Rh7 Kd4 69. Rh4+ Ne4 70. Rh7 Rc8+ 71. Kb2 Nc3 72. Kb3
Nd5 73. Rd7 Ke4 74. Rd6 Rc3+ 75. Kb2 Rc5 76. Rd8 Kd3 77. Kb3 Rb5+ 78. Ka4 Rb1
79. Ka5 Kd4 80. Ka6 Kc5 81. Rc8+ Kd6 82. Ka5 Nb6 83. Rc2 Kd5 84. Rh2 Kc5 85.
Rh5+ Nd5 86. Ka4 Rb8 87. Rg5 Kd4 88. Rg4+ Kd3 89. Rg3+ Ne3 90. Rh3 Rb1 91. Ka5
Kd4 92. Ka6 Nd5 93. Rh2 Kc5 94. Rc2+ Kd6 95. Rd2 Rb3 96. Rh2 Kc5 97. Rh5 Rb1 98.
Rg5 Rh1 99. Rg2 Nb4+ 100. Kb7 Rh7+ 101. Kc8 Nd5 102. Rc2+ Kd6 103. Kb8 Nb4 104.
Rd2+ Kc6 105. Rd8 Kb6 106. Rd6+ Nc6+ 0-1

[Event "24th ch-EUR Indiv 2024"]
[Site "Petrovac MNE"]
[Date "2024.11.13"]
[Round "6.1"]
[White "Svane, Frederik"]
[Black "Cheparinov, Ivan"]
[Result "1/2-1/2"]
[WhiteTitle "GM"]
[BlackTitle "GM"]
[WhiteElo "2654"]
[BlackElo "2632"]
[WhiteFideId "12923044"]
[BlackFideId "2905540"]
[EventDate "2024.11.08"]

1. e4 e5 2. Nf3 Nc6 3. Bc4 Nf6 4. d3 Bc5 5. a4 d6 6. a5 a6 7. c3 h6 8. O-O O-O
9. Re1 Re8 10. Qb3 Qe7 11. Be3 Bxe3 12. Rxe3 Nd7 13. d4 Nf8 14. Nbd2 Ng6 15. g3
Qf6 16. d5 Nb8 17. Bf1 Nd7 18. c4 Qd8 19. Qc2 c6 20. b4 Nf6 21. Rd1 Qc7 22. Rc3
Bd7 23. Bg2 Rac8 24. Rc1 Qb8 25. Ne1 Ne7 26. Qa2 cxd5 27. cxd5 Rxc3 28. Rxc3 Rc8
29. Qc2 Rxc3 30. Qxc3 b5 31. axb6 1/2-1/2

[Event "24th ch-EUR Indiv 2024"]
[Site "Petrovac MNE"]
[Date "2024.11.13"]
[Round "6.2"]
[White "Indjic, Aleksandar"]
[Black "Chigaev, Maksim"]
[Result "1-0"]
[WhiteTitle "GM"]
[BlackTitle "GM"]
[WhiteElo "2623"]
[BlackElo "2605"]
[WhiteFideId "911925"]
[BlackFideId "4108116"]
[EventDate "2024.11.08"]

1. d4 Nf6 2. c4 e6 3. Nc3 d5 4. Bg5 Be7 5. e3 O-O 6. Nf3 h6 7. Bh4 b6 8. Bd3 Bb7
9. O-O Nbd7 10. Qe2 c5 11. Bg3 cxd4 12. exd4 dxc4 13. Bxc4 a6 14. a4 Bb4 15.
Rac1 Re8 16. Ne5 Nxe5 17. dxe5 Bxc3 18. Rxc3 Nd5 19. Rcc1 Qe7 20. Bd3 Nb4 21.
Bb1 a5 22. Rfd1 Rac8 23. h4 Rxc1 24. Rxc1 Qd7 25. Bf4 Rc8 26. Rxc8+ Qxc8 27. Qd2
h5 28. Qd6 Nd5 29. Bg5 Qc7 30. Qxc7 Nxc7 31. Bd8 Na8 32. Bd3 Bc6 33. Be2 g6 34.
b3 Kf8 35. f3 Bd5 36. Bb5 Bxb3 37. Kf2 Bd5 38. Ke3 Kg7 39. Kf4 Bb7 40. Kg5 Bd5
41. Bd7 Bb7 42. g4 Bxf3 43. gxh5 gxh5 44. Bb5 Kf8 45. Kf6 Be4 46. Be7+ Kg8 47.
Bd6 1-0

[Event "24th ch-EUR Indiv 2024"]
[Site "Petrovac MNE"]
[Date "2024.11.13"]
[Round "6.3"]
[White "Fedoseev, Vladimir3"]
[Black "Fridman, Daniel"]
[Result "1-0"]
[WhiteTitle "GM"]
[BlackTitle "GM"]
[WhiteElo "2712"]
[BlackElo "2581"]
[WhiteFideId "24130737"]
[BlackFideId "11600454"]
[EventDate "2024.11.08"]

1. d4 e6 2. Nf3 Nf6 3. Bg5 h6 4. Bh4 c5 5. e3 b6 6. Bd3 Bb7 7. O-O Be7 8. dxc5
Bxc5 9. c4 Be7 10. Nc3 O-O 11. Qc2 Nc6 12. a3 Rc8 13. Rad1 Na5 14. Qe2 Bxf3 15.
gxf3 d5 16. Bg3 Nxc4 17. e4 Na5 18. exd5 Nxd5 19. Nxd5 exd5 20. Ba6 Rc6 21. b4
Re6 22. Qa2 Nc6 23. Rxd5 Qe8 24. Bb5 Qa8 25. Bc4 Bf6 26. Rd3 Ne5 27. Bd5 Qd8 28.
Rdd1 Rd6 29. Qb3 Qd7 30. Rd2 Rd8 31. Rfd1 Kh8 32. b5 Qh3 33. Qe3 Qh5 34. Kg2
R6d7 35. f4 Ng4 36. Qf3 Bc3 37. Bxf7 Qxf7 38. Rxd7 Rxd7 39. Qxg4 Rxd1 40. Qxd1
Qf5 41. a4 Bf6 42. Qe2 h5 43. h4 Kh7 44. Qf3 Kh6 45. Qb7 Bd4 46. Kh2 g6 47. Qxa7
Qe4 48. Qd7 Bc5 49. f5 gxf5 50. a5 f4 51. Qc6+ Qxc6 52. Bxf4+ 1-0

[Event "24th ch-EUR Indiv 2024"]
[Site "Petrovac MNE"]
[Date "2024.11.13"]
[Round "6.4"]
[White "Maurizzi, Marc'Andria"]
[Black "Deac, Bogdan-Daniel"]
[Result "1/2-1/2"]
[WhiteTitle "GM"]
[BlackTitle "GM"]
[WhiteElo "2585"]
[BlackElo "2687"]
[WhiteFideId "36083534"]
[BlackFideId "1226380"]
[EventDate "2024.11.08"]

1. e4 e5 2. Nf3 Nc6 3. Bc4 Bc5 4. c3 Nf6 5. d4 exd4 6. cxd4 Bb4+ 7. Nbd2 d5 8.
exd5 Nxd5 9. O-O Be6 10. a3 Be7 11. Re1 O-O 12. b4 Nf4 13. g3 Nh3+ 14. Kg2 Ng5
15. Rxe6 fxe6 16. Bb2 Kh8 17. b5 Na5 18. Ba2 a6 19. bxa6 Rxa6 20. Nxg5 Bxg5 21.
Ne4 Be7 22. Qg4 Qe8 23. Rc1 Rb6 24. Bc3 Ra6 25. Bb2 Rb6 26. Bc3 Ra6 27. Bb2 1/2-1/2

[Event "24th ch-EUR Indiv 2024"]
[Site "Petrovac MNE"]
[Date "2024.11.13"]
[Round "6.5"]
[White "Sargsyan, Shant"]
[Black "Romanov, Evgeny"]
[Result "1/2-1/2"]
[WhiteTitle "GM"]
[BlackTitle "GM"]
[WhiteElo "2655"]
[BlackElo "2584"]
[WhiteFideId "13306766"]
[BlackFideId "4148843"]
[EventDate "2024.11.08"]

1. e4 c5 2. Nf3 Nc6 3. Bb5 e5 4. O-O Be7 5. c3 Nf6 6. Re1 O-O 7. Bxc6 dxc6 8.
Nxe5 Qc7 9. d4 Rd8 10. h3 cxd4 11. cxd4 c5 12. Qb3 Be6 13. d5 Qxe5 14. dxe6 Qxe6
15. Nc3 b6 16. Bf4 Rd4 17. Be3 Rd3 18. Rad1 c4 19. Qb5 Nxe4 20. Rxd3 cxd3 21.
Nxe4 Qxe4 22. Bd2 Qb7 23. Qxd3 Bf6 24. Bc3 Bxc3 25. Qxc3 h6 26. Qd3 1/2-1/2

[Event "24th ch-EUR Indiv 2024"]
[Site "Petrovac MNE"]
[Date "2024.11.13"]
[Round "6.6"]
[White "Gazik, Viktor"]
[Black "Warmerdam, Max"]
[Result "1/2-1/2"]
[WhiteTitle "GM"]
[BlackTitle "GM"]
[WhiteElo "2579"]
[BlackElo "2653"]
[WhiteFideId "14928752"]
[BlackFideId "1048104"]
[EventDate "2024.11.08"]

1. e4 g6 2. d4 Bg7 3. Nf3 d6 4. c3 Nc6 5. h3 Nf6 6. Bd3 O-O 7. O-O e5 8. Na3 b6
9. Re1 Bb7 10. Nc2 a5 11. a4 Re8 12. d5 Ne7 13. Na3 Nd7 14. Bb5 h6 15. Nh2 f5
16. f3 Rf8 17. b4 Kh7 18. Nc4 Nf6 19. bxa5 bxa5 20. Qc2 f4 21. Nb2 h5 22. Nd3 g5
23. Nf2 Bc8 24. Be2 Neg8 25. c4 Rf7 26. Bd2 Nh6 27. Reb1 Bd7 28. c5 dxc5 29. Nd3
Re7 30. Nxc5 g4 31. Nxd7 Qxd7 32. hxg4 hxg4 33. fxg4 Nhxg4 34. Nxg4 Nxg4 35. Rb7
Ne3 36. Bxe3 fxe3 37. Rc1 Rf8 38. Qxc7 Qxc7 39. Rcxc7 Rxc7 40. Rxc7 Rf2 41. Bb5
Rd2 42. Rc3 Bh6 43. Rd3 Rb2 44. Rd1 Bf4 45. d6 e2 46. Bxe2 1/2-1/2

[Event "24th ch-EUR Indiv 2024"]
[Site "Petrovac MNE"]
[Date "2024.11.13"]
[Round "6.7"]
[White "Gumularz, Szymon"]
[Black "Mamedov, Rauf"]
[Result "1/2-1/2"]
[WhiteTitle "GM"]
[BlackTitle "GM"]
[WhiteElo "2579"]
[BlackElo "2651"]
[WhiteFideId "1188062"]
[BlackFideId "13401653"]
[EventDate "2024.11.08"]

1. d4 d5 2. Nf3 Nf6 3. c4 dxc4 4. e3 e6 5. Bxc4 a6 6. O-O c5 7. b3 cxd4 8. Nxd4
Be7 9. Be2 O-O 10. Bb2 b5 11. Nd2 Bb7 12. Rc1 Qd7 13. a4 Nc6 14. N2f3 1/2-1/2

[Event "24th ch-EUR Indiv 2024"]
[Site "Petrovac MNE"]
[Date "2024.11.13"]
[Round "6.8"]
[White "Dragnev, Valentin"]
[Black "Sargissian, Gabriel"]
[Result "1/2-1/2"]
[WhiteTitle "GM"]
[BlackTitle "GM"]
[WhiteElo "2566"]
[BlackElo "2640"]
[WhiteFideId "1634852"]
[BlackFideId "13300881"]
[EventDate "2024.11.08"]

1. e4 e5 2. Nf3 Nc6 3. Bc4 Nf6 4. d3 Bc5 5. O-O d6 6. c3 a6 7. Re1 Ba7 8. Nbd2
O-O 9. Nf1 Na5 10. Bb3 Nxb3 11. axb3 h6 12. Ng3 Re8 13. h3 c6 14. Be3 Bxe3 15.
Rxe3 c5 16. d4 cxd4 17. cxd4 Bd7 18. Rd3 Qe7 19. Rc1 Rac8 20. d5 Rxc1 21. Qxc1
Rc8 22. Rc3 Qd8 23. Nd2 Rxc3 24. Qxc3 g6 25. Kh2 Bb5 26. Qe3 Kg7 27. Nb1 Be8 28.
Nf1 a5 29. Nfd2 b5 30. Qa7 Nd7 31. Qe3 Nc5 32. Nf3 Qf6 33. g3 b4 34. Nbd2 Bb5
35. Kg2 Qe7 36. h4 Qc7 37. Ne1 Nd7 38. Nf1 Qc5 39. Qd2 Bxf1+ 40. Kxf1 Nf6 41. f3
Nh5 42. Kg2 f5 43. Nd3 Qd4 44. Qe2 Nf6 1/2-1/2